000 00489nam a2200157 a 4500
005 20140414131859.0
008 100914s19uu xx 00 eng d
050 _aFIL 361.3
_bJ56 2007
100 _aJimenez, Gidget Roceles
245 _aThe poor man's van.
260 _aManila, Philippines :
_bBookmark,
_c2007.
440 _aGreat men and women of Asia- children's series
650 _aSocial workers
_xPakistan
_xBiography
_xJuvenile literature
650 _a
_x
_x
999 _c110569
_d110569